| 000 | 00717nam a2200241Ia 4500 | ||
|---|---|---|---|
| 003 | OSt | ||
| 005 | 20220918205324.0 | ||
| 006 | a|||||r|||| 00| 0 | ||
| 007 | ta | ||
| 008 | 220917b |||||||| |||| 00| 0 eng d | ||
| 024 | _a116,153 | ||
| 037 | _cTextual | ||
| 040 |
_aARTS _cARTS _beng |
||
| 041 |
_2eng _aeng |
||
| 082 | _aV630gY7.N60<-N21, M4 | ||
| 100 |
_aRich Paul B _9114776 |
||
| 245 | 0 |
_aWhite power and the liberal conscience _b racial segregation and south African liberalism 1921-60 |
|
| 260 |
_aManchester _bManchester Univ Press _c1984 |
||
| 300 |
_a192p. _ccm. |
||
| 650 | _aHISTORY | ||
| 942 |
_hV630gY7.N60<-N21, M4 _cTEXL _2CC |
||
| 999 |
_c239481 _d239481 |
||